|
|
|
|
| LEADER |
00000nab a2200000 a 4500 |
| 001 |
vtls000869903 |
| 005 |
20260310074916.0 |
| 008 |
161006c2000 xo 0 slo |
| 015 |
|
|
|a SNBRA2004/04-12213
|
| 035 |
|
|
|a CLN000221455
|
| 040 |
|
|
|a SNKBUCL
|b slo
|c SNKBUCL
|e AACR2
|
| 041 |
0 |
|
|a slo
|
| 044 |
|
|
|a xo
|c SK
|
| 080 |
|
|
|a 504.54.062.4
|2 1997
|
| 080 |
|
|
|a 628.51
|2 1997
|
| 100 |
1 |
|
|a Michalíková, Františka
|4 aut
|9 303698
|
| 245 |
1 |
0 |
|a Znižovanie negatívnych vplyvov skládok energetického odpadu na životné prostredie
|c Františka Michalíková, Miroslava Jeleňová
|
| 246 |
1 |
1 |
|a Reduction of influence dumps of energetical waste on environmental factors
|
| 504 |
|
|
|a Res. slov.
|
| 504 |
|
|
|a Bibliogr. odkazy
|
| 650 |
0 |
7 |
|a energetický odpad
|2 snkbucl
|9 1451710
|
| 650 |
0 |
7 |
|a skládky odpadu
|2 snkbucl
|9 16790
|
| 650 |
0 |
7 |
|a odkaliská
|2 snkbucl
|9 833576
|
| 650 |
0 |
7 |
|a rekultivácia
|2 snkbucl
|9 17262
|
| 650 |
0 |
7 |
|a solidifikácia
|2 snkbucl
|9 987541
|
| 650 |
0 |
7 |
|a biomasa
|2 snkbucl
|9 4197
|
| 650 |
0 |
7 |
|a sanácia
|2 snkbucl
|9 636513
|
| 655 |
|
7 |
|a články zo zborníkov
|2 SNKPH
|9 166140
|
| 700 |
1 |
|
|a Václavíková, Miroslava,
|d 1977-
|4 aut
|9 221625
|
| 773 |
0 |
|
|z 8071652687
|t Mineralurgia a environmentálne technológie
|d Prešov : Vydavateľstvo Michala Vaška, 2000
|g S. 65-68
|
| 852 |
|
|
|a SNK
|
| 958 |
|
|
|a NB
|
| 999 |
|
|
|c 2062613
|d 2064543
|